000 00663nam a2200277Ia 4500
005 20260324142716.0
008 008 260324s9999 xx 000 0 eng d
020 _a9780203381298
037 _aEBOOK
040 _aCRL
040 _beng
040 _cCRL
041 _2eng
041 _aeng
084 _qCRL
100 _aRubya Mehdi
_91212957
245 4 _aThe Islamization of the Law in Pakistan (RLE Politics of Islam)
260 _bTaylor and Francis
260 _c1994
365 _a
365 _b240
856 _uhttp://www.taylorfrancis.com/books/9780203381298
942 _cEBOOK
999 _c1817450
_d1817450